Perfil ecológico de Sudamérica / (Registro nro. 435)

Detalles MARC
000 -CABECERA
Campo de control 00997cam a2200241 a 4500
005 - FECHA Y HORA DE LA ULTIMA TRANSACCION
Campo de control 20160128124317.0
008 - ELEMENTOS DE LONGITUD FIJA—INFORMACION GENERAL
Campo de control 860221m19849999sp ab b 000 0 spa
020 ## - ISBN
ISBN 8472323404 (v. 1)
040 ## - FUENTE DE CATALOGACIÓN
Agencia catalogadora original DLC
Agencia transcriptora DLC
Agencia Modificadora DLC
-- CO-BoIAVH
041 0# - IDIOMA
Código de idioma para texto/pista de sonido o título separado Español
044 ## - PAÍS DE PUBLICACIÓN
País de publicación España
082 04 - NUMERO DE CLASIFICACION DECIMAL DEWEY
Número de clasificación 577.098
Número del ítem M84p
100 1# - ASIENTO PRINCIPAL--NOMBRE PERSONAL
Nombre personal Morello, Jorge.
9 (RLIN) 7745
245 10 - MENCION DE TITULO
Título Perfil ecológico de Sudamérica /
Mención de responsabilidad Jorge Morello ; edición preparada por Jesús Manuel Martínez ; cartografía, Cartigol.
260 ## - PUBLICACION, DISTRIBUCION, ETC. (PIE DE IMPRENTA)
Lugar de publicación, distribución, etc. [Madrid] :
Nombre del editor, distribuidor, etc. Ediciones Cultura Hispánica, Instituto de Cooperación Iberoamericana,
Fecha de publicación, distribución, etc. [1984- ]
300 ## - DESCRIPCION FISICA
Extensión v. <1 > :
Otros detalles físicos ilustraciones a color, mapas ;
Dimensiones 34 x 25 cm.
504 ## - NOTA DE BIBLIOGRAFIA, ETC.
Nota de bibliografía Incluye referencias bibliográficas.
505 1# - NOTA DE CONTENIDO
Nota de contenido v. 1. Características estructurales de Sudamérica y su relación con espacios semejantes del planeta.
650 #6 - ASIENTO SECUNDARIO DE MATERIA - TERMINO TEMATICO
Término temático o nombre geográfico como elemento de entrada Ecología
Subdivisión geográfica Suramérica.
9 (RLIN) 55209
650 #6 - ASIENTO SECUNDARIO DE MATERIA - TERMINO TEMATICO
Término temático o nombre geográfico como elemento de entrada Ciencias de la tierra
Subdivisión geográfica Suramérica.
9 (RLIN) 55210
700 1# - ASIENTO SECUNDARIO - NOMBRE PERSONAL
Nombre personal Martínez, Jesús Manuel.
9 (RLIN) 7749
942 ## - ELEMENTOS ADICIONALES (KOHA)
Sistema de clasificación Dewey Decimal Classification
Tipo de ítem Libro
Existencias
Withdrawn status Lost status Sistema de Clasificación Damaged status No para préstamo Colección Inventariado Ubicación Permanente Ubicación actual Fecha de adquisición Fuente de Valor Valor Total Checkouts Número topográfico Inventario / Código de Barras Date last seen Ejemplar Price effective from Tipo de material
    Dewey Decimal Classification     General Inventariado 2017 Bogotá Bogotá 01/05/1998 Instituto 39000.00   LB-577.098 M84p 002673 04/12/2012 V. 1 Ej. 1 04/12/2012 Libro
    Dewey Decimal Classification     General Inventariado 2017 Sala Fabio Quevedo Sala Fabio Quevedo 01/05/1998 Instituto 39000.00   LB-577.098 M84p 003581 04/12/2012 V. 1 Ej. 2 04/12/2012 Libro